Word Ladder: Father of Fantasy Quiz Stats

 Plays Quiz Updated Apr 10, 2019

Score 0/10 Timer 01:00
0 Plays Today
Clue 4-Letter Word % Correct
Not imaginaryREAL
98.4%
Shade of blueTEAL
97.1%
Lima or kidneyBEAN
96.9%
Oscar-winning PennSEAN
96%
Apple-shooting WilliamTELL
95.6%
• Turnpike fee •• TOLL •
94.2%
500 sheets of paperREAM
94.1%
Visited beforeBEEN
94%
Fabric lineSEAM
93.1%
• Quick-witted •• KEEN •
77.6%

Today's Daily Dose

You're not logged in!

Compare scores with friends on all Sporcle quizzes.
OR
Log In

Sporcle TV

Today on Sporcle TV


Watch our educational content, quiz creation guides, and fun videos on Sporcle TV.

Show Comments

Extras

Top Quizzes Today


Score Distribution

Your Account Isn't Verified!

In order to create a playlist on Sporcle, you need to verify the email address you used during registration. Go to your Sporcle Settings to finish the process.

Report this User

Report this user for behavior that violates our Community Guidelines.

Details: